00854nam a2200181 a 450000100100000000500170001000800410002704000250006811101020009324500140019526000650020930000360027404900090031095201200031995201110043995201050055099900170065500003208620200930063422.0110712s20uu dr 000 0 spa d aDO-SdBNPbspacBNPHU2 aCongreso de la central unitaria de trabajadoresd(1983: 30-31 de juniocSanto DomingoN2:)95820610aMemorias. a[Santo Domingo] :bMovimiento Cindical Dominicano,c[19--?]. a185 p. :bil., retrs. ;c22 cm. aBNPD 001054708DSaGRbGRcCTd2011-07-12iLF1l0o p32086-10r2020-06-25te. 3w2020-06-25yLFDSZPréstamo en sala 0010718PDaPDbPDcCTd2011-07-12iLF1l0o p32086-20r2020-06-25te. 2w2020-06-25yLFPDZNo se presta 0010718PDaPDbPDcCTd2011-07-14iLF1l0o p32086-50r2020-06-25w2020-06-25yLFPDZNo se presta c31577d31577